Global biodiversity outlook 2 / (Registro nro. 5708)
[ vista simple ]
| 000 -CABECERA | |
|---|---|
| Campo de control | 00922cam a2200229 i 4500 |
| 005 - FECHA Y HORA DE LA ULTIMA TRANSACCION | |
| Campo de control | 20160130151941.0 |
| 008 - ELEMENTOS DE LONGITUD FIJA—INFORMACION GENERAL | |
| Campo de control | 060824s2006 qucab sb i000 0 eng d |
| 020 ## - ISBN | |
| ISBN | 929225040X (pbk.) |
| 040 ## - FUENTE DE CATALOGACIÓN | |
| Agencia catalogadora original | AE# |
| Agencia transcriptora | AE# |
| Agencia Modificadora | CtY |
| -- | DLC |
| -- | CO-BoIAVH |
| 041 ## - IDIOMA | |
| Código de idioma para texto/pista de sonido o título separado | Inglés |
| 082 04 - NUMERO DE CLASIFICACION DECIMAL DEWEY | |
| Número de clasificación | 577.1076 |
| Número del ítem | C76g |
| 110 2# - ASIENTO PRINCIPAL--NOMBRE CORPORATIVO | |
| Nombre corporativo o de jurisdicción como elemento de entrada | Convention on Biological Diversity. |
| 9 (RLIN) | 13061 |
| 245 10 - MENCION DE TITULO | |
| Título | Global biodiversity outlook 2 / |
| Mención de responsabilidad | Convention on Biological Diversity. |
| 260 ## - PUBLICACION, DISTRIBUCION, ETC. (PIE DE IMPRENTA) | |
| Lugar de publicación, distribución, etc. | Montreal : |
| Nombre del editor, distribuidor, etc. | Convention on Biological Diversity, |
| Fecha de publicación, distribución, etc. | [2006]. |
| 300 ## - DESCRIPCION FISICA | |
| Extensión | vii, 81 páginas : |
| Otros detalles físicos | ilustraciones y mapas ; |
| Dimensiones | 28 cm. |
| 650 14 - ASIENTO SECUNDARIO DE MATERIA - TERMINO TEMATICO | |
| Término temático o nombre geográfico como elemento de entrada | Diversidad biológica |
| 9 (RLIN) | 55868 |
| 650 24 - ASIENTO SECUNDARIO DE MATERIA - TERMINO TEMATICO | |
| Término temático o nombre geográfico como elemento de entrada | Conservación de la diversidad biológica |
| 9 (RLIN) | 55869 |
| 710 2# - ASIENTO SECUNDARIO - NOMBRE CORPORATIVO | |
| Nombre corporativo o de jurisdicción como elemento de entrada | Secretariat of the Convention on Biological Diversity. |
| 9 (RLIN) | 55870 |
| 710 2# - ASIENTO SECUNDARIO - NOMBRE CORPORATIVO | |
| Nombre corporativo o de jurisdicción como elemento de entrada | UNEP World Conservation Monitoring Centre. |
| 9 (RLIN) | 55564 |
| 856 41 - LOCALIZACION Y ACCESO ELECTRONICOS | |
| Especificación de los materiales | Tabla de contenido |
| Identificador Uniforme del Recurso | http://www.loc.gov/catdir/toc/fy0703/2006462367.html |
| 942 ## - ELEMENTOS ADICIONALES (KOHA) | |
| Sistema de clasificación | Dewey Decimal Classification |
| Tipo de ítem | Libro |
| Withdrawn status | Lost status | Sistema de Clasificación | Damaged status | No para préstamo | Colección | Inventariado | Ubicación Permanente | Ubicación actual | Fecha de adquisición | Fuente de Valor | Total Checkouts | Número topográfico | Inventario / Código de Barras | Date last seen | Ejemplar | Price effective from | Tipo de material |
|---|---|---|---|---|---|---|---|---|---|---|---|---|---|---|---|---|---|
| Dewey Decimal Classification | General | Inventariado 2017 | Bogotá | Bogotá | 24/07/2007 | Guerrero, Alicia | LB-577.1076 C76g | 024779 | 04/12/2012 | Ej.1 | 04/12/2012 | Libro | |||||
| Dewey Decimal Classification | General | Inventariado 2017 | Sala Fabio Quevedo | Sala Fabio Quevedo | 16/06/2009 | LB-577.1076 C76g | 027158 | 04/12/2012 | Ej.2 | 04/12/2012 | Libro |